000 00798nam a2200253Ia 4500
003 OSt
005 20221005042723.0
006 a|||||r|||| 00| 0
007 ta
008 221004b |||||||| |||| 00| 0 eng d
020 _a9780822371021 (pbk)
_cUKP 17.99
024 _a44664
037 _b50, 06/02/2019, Mallika Books
_cTextual
040 _aCRL
_cCRL
_beng
041 _2eng
_aeng
082 _aU42.2, Q8
100 _aMongia Radhika Au.
_9590799
245 0 _aIndian migration and empire
_b colonial genealogy of the modern state
260 _aDurham
_bDuke University Press UK
_c2018
300 _axi,230p.
_ccm.
650 _aIMMIGRATION AND EMIGRATION
942 _hU42.2, Q8
_cTEXL
_2cc
999 _c950750
_d950750